[Event "Madrid-ch Previa-A"]
[Site "Madrid"]
[Date "2020.02.17"]
[Round "7"]
[White "Martin Buitrago Lopez, Antonio"]
[Black "Lopez Guitian, Juan J"]
[Result "1-0"]
[WhiteElo "1641"]
[BlackElo "1497"]
[PlyCount "51"]
[EventDate "2020.02.03"]
[EventType "swiss"]
[EventRounds "9"]
[EventCountry "ESP"]
[SourceTitle "EXT 2021"]
[Source "ChessBase"]
[SourceDate "2020.10.23"]
[SourceVersion "1"]
[SourceVersionDate "2020.10.23"]
[SourceQuality "1"]

1. b3 c5 2. Bb2 Nc6 3. e3 Nf6 4. Nf3 e6 5. Bb5 Be7 6. 0-0 a6 7. Bxc6 bxc6 8. c4 0-0 9. Ne5 Qc7 10. d3 d6 11. Ng4 e5 12. Nxf6+ Bxf6 13. Nc3 Be6 14. Ne4 Be7 15. Qh5 f5 16. Ng5 Bxg5 17. Qxg5 Rf6 18. Qh5 Raf8 19. d4 Rh6 20. Qe2 cxd4 21. exd4 exd4 22. Bxd4 c5 23. Bb2 Qe7 24. f4 Qh4 25. g3 Rg6 26. Qxe6+ 1-0